En los mares del Sur (Record no. 184895)
[ view plain ]
| 000 -LEADER | |
|---|---|
| campo de control de longitud fija | 01094nam a2200253 i 4500 |
| 001 - NÚMERO DE CONTROL | |
| campo de control | 184895 |
| 003 - IDENTIFICADOR DE NÚMERO DE CONTROL | |
| campo de control | SpMaBN |
| 005 - FECHA Y HORA DE LA ÚLTIMA TRANSACCIÓN | |
| campo de control | 20250827041601.0 |
| 008 - DATOS DE LONGITUD FIJA--INFORMACIÓN GENERAL | |
| campo de control de longitud fija | 160216s1999 sp bo |||| |dspa d |
| 020 ## - NÚMERO INTERNACIONAL ESTÁNDAR DEL LIBRO | |
| Número Internacional Estándar del Libro | 84-406-9247-1 |
| 080 ## - NÚMERO DE LA CLASIFICACIÓN DECIMAL UNIVERSAL | |
| Número de la Clasificación Decimal Universal | 821.111-992"18" |
| 100 0# - ENTRADA PRINCIPAL--NOMBRE DE PERSONA | |
| Nombre de persona | Stevenson, Robert Louis, |
| Fechas asociadas al nombre | 1850-1894 |
| 9 (RLIN) | 108169 |
| 245 10 - MENCIÓN DEL TÍTULO | |
| Título | En los mares del Sur |
| Resto del título | : relato de experiencias y observaciones efectuadas en las islas Marquesas, Pomotú y Gilbert durante dos cruceros realizados en las goletas "Casco" (1888) y "Equator" (1889) / |
| Mención de responsabilidad, etc. | Robert Louis Stevenson ; prólogo de Horacio Vázquez-Rial ; [traducción, Agustín Esclasans]. |
| 250 ## - MENCION DE EDICION | |
| Mención de edición | 1ª ed. |
| 260 ## - PUBLICACIÓN, DISTRIBUCIÓN, ETC. | |
| Lugar de publicación, distribución, etc. | Barcelona : |
| Nombre del editor, distribuidor, etc. | Ediciones B, |
| Fecha de publicación, distribución, etc. | 1999. |
| 300 ## - DESCRIPCIÓN FÍSICA | |
| Extensión | 402 p. : |
| Otras características físicas | 1 fot., 1 mapa ; |
| Dimensiones | 19 cm. |
| 490 1# - MENCIÓN DE SERIE | |
| Mención de serie | Biblioteca grandes viajeros |
| 651 #4 - PUNTO DE ACCESO ADICIONAL DE MATERIA--NOMBRE GEOGRÁFICO | |
| Nombre geográfico | Pacífico- |
| Subdivisión general | Navegación. |
| 9 (RLIN) | 147883 |
| 700 1# - ENTRADA AGREGADA--NOMBRE PERSONAL | |
| Nombre de persona | Vázquez Rial, Horacio. |
| 9 (RLIN) | 113477 |
| 700 1# - ENTRADA AGREGADA--NOMBRE PERSONAL | |
| Nombre de persona | Esclasans, Agustín. |
| 9 (RLIN) | 47545 |
| 830 10 - PUNTO DE ACCESO ADICIONAL DE SERIE-TÍTULO UNIFORME | |
| Título uniforme | Biblioteca grandes viajeros |
| 9 (RLIN) | 183745 |
| 852 ## - LOCALIZACIÓN | |
| Ubicación | ES-MaACL |
| Número de control de estantería | L-30210 |
| Nota libre | - Donat. Miguel Ángel Velasco |
| Estatus retirado | Estado de pérdida | Estado de daño | No para préstamo | Biblioteca de origen | Biblioteca actual | Ubicación en estantería | Fecha de adquisición | Fuente de adquisición | Total de préstamos | Signatura topográfica completa | Código de barras | Visto por última vez | Precio de reemplazo | Tipo de ítem Koha |
|---|---|---|---|---|---|---|---|---|---|---|---|---|---|---|
| Biblioteca del Ateneo de Madrid | Biblioteca del Ateneo de Madrid | Depósito 2 | 16/02/2016 | L-30210 | 1194735 | 23/02/2023 | 23/02/2023 | Libro impreso |
